Southville International School and Colleges
Your cart is empty.
  • Cart
  • Lists
    Public lists Eva Luna New books Lux_list list_1
    Your lists Log in to create your own lists
  • Log in to your account
  • Your cookies
  • Search history
Southville International School and Colleges
  • Advanced search
  • Recent comments
  • Most popular
  • Libraries

Log in to your account

Log in with GOOGLE


If you do not have an external account, but do have a local account, you can still log in:

  1. Home
  2. MARC view: The House Of spirits /
Normal view MARC view ISBD view

The House Of spirits / (Record no. 39045)

[ view plain ]
MARC details
000 -LEADER
fixed length control field 00481nam a2200169 a 4500
005 - DATE AND TIME OF LATEST TRANSACTION
control field 20140311162956.0
008 - FIXED-LENGTH DATA ELEMENTS--GENERAL INFORMATION
fixed length control field 970101s19uu xx 00 eng d
020 ## - INTERNATIONAL STANDARD BOOK NUMBER
International Standard Book Number 0553273914
050 ## - LIBRARY OF CONGRESS CALL NUMBER
Classification number PQ 8098.1.L54
Item number .Al432 1993
100 ## - MAIN ENTRY--PERSONAL NAME
Personal name Isabel Allende
245 ## - TITLE STATEMENT
Title The House Of spirits /
Statement of responsibility, etc Isabel Allende.
260 ## - PUBLICATION, DISTRIBUTION, ETC. (IMPRINT)
Place of publication, distribution, etc New York, Toronto, London, Sydney, Auckland :
Name of publisher, distributor, etc Bantam Books,
Date of publication, distribution, etc 1993.
300 ## - PHYSICAL DESCRIPTION
Extent 433 p. :
Dimensions 18cm.
650 ## - SUBJECT ADDED ENTRY--TOPICAL TERM
Topical term or geographic name as entry element Fiction
942 ## - ADDED ENTRY ELEMENTS (KOHA)
Koha item type Books
Source of classification or shelving scheme Library of Congress Classification
Holdings
Withdrawn status Lost status Source of classification or shelving scheme Damaged status Home library Current library Shelving location Date acquired Total Checkouts Full call number Barcode Date last seen Copy number Price effective from Koha item type
    Library of Congress Classification   College Library College Library Fiction Section 09/23/2010   PQ 8098.1.L54 .Al432 1993 C11411 05/08/2018 1 10/18/2013 Books

The House Of spirits /

APA

Isabel Allende, . (1993). The House Of spirits. New York, Toronto, London, Sydney, Auckland: Bantam Books.

Chicago

Isabel Allende, . 1993. The House Of spirits. New York, Toronto, London, Sydney, Auckland: Bantam Books.

Harvard

Isabel Allende, . (1993). The House Of spirits. New York, Toronto, London, Sydney, Auckland: Bantam Books.

MLA

Isabel Allende, . The House Of spirits. New York, Toronto, London, Sydney, Auckland: Bantam Books. 1993.

  • Place hold
  • Print
  • Cite
  • Add to your cart (remove)
  • Save record
    BIBTEX Dublin Core MARCXML MARC (non-Unicode/MARC-8) MARC (Unicode/UTF-8) MARC (Unicode/UTF-8, Standard) MODS (XML) RIS
  • More searches
    Search for this title in:
    Other Libraries (WorldCat) Other Databases (Google Scholar) Online Stores (Bookfinder.com) Open Library (openlibrary.org)

Exporting to Dublin Core...

SOUTHVILLE LIBRARY

Southville International School and Colleges Library

1281 Tropical Ave. Cor. Luxembourg St., BF Homes International, Las Pinas City

Tel. No. 8256374 / 252358 Loc. 117/146

Powered by Koha